Countries with the most Elephant - Statistics

General Stats
  • This quiz has been taken 146 times
    24 since last reset
  • The average score is 11 of 14
Answer Stats
Population Country % Correct
17.000 India
100%
7.000 DR Congo
95%
10.800 Mozambique
95%
100.000 Zimbabwe
95%
3.395 Angola
86%
35.000 Kenya
86%
60.000 Tanzania
86%
4.864 Uganda
86%
22.000 Zambia
86%
130.000 Botswana
81%
24.000 Namibia
81%
3.800 Thailand
71%
6.500 Cameroon
48%
7.500 Sri Lanka
48%
No matching quizzes found
Score Distribution
Percent of People with Each Score
Percentile by Number Answered
Your Score History
You have not taken this quiz since the last reset